Posudzovanie environmentálnej výkonnosti produkčného systému diplomová práca

Gespeichert in:
Bibliographische Detailangaben
1. Verfasser: Jakubovová, Ivana
Körperschaft: Podnikovohospodárska fakulta EU so sídlom v Košiciach. Katedra manažmentu
Weitere Verfasser: Majerník, Milan, 1952-
Format: Buch
Sprache:Slowakisch
Veröffentlicht: Košice 2019
Tags: Tag hinzufügen
Keine Tags, Fügen Sie das erste Tag hinzu!

MARC

LEADER 00000nbm a2200000 4500
001 0257756
005 20190913135452.7
041 0 |a slo 
044 |a SK 
245 1 0 |a Posudzovanie environmentálnej výkonnosti produkčného systému  |b diplomová práca  |c Ivana Jakubovová ; školiteľ: Milan Majerník 
264 1 |a Košice  |c 2019 
300 |a 52 s. 
100 1 |a Jakubovová, Ivana 
700 1 |a Majerník, Milan, 1952- 
710 2 |a Podnikovohospodárska fakulta EU so sídlom v Košiciach. Katedra manažmentu